000 00725cab a22002055a 4500
001 L153527
008 110804e20110730xxk 000 0 eng d
035 _a(Sirsi) u153527
041 0 _aeng
100 1 _aHubbard, Tom
245 0 0 _aOn the road to nowhere
260 _c2011
490 _aEstates Gazette
_v(1130) 30 July 2011, 52-53(2)
520 _aA Mainly for Students article highlights issues relating to public highways. Looks at different types of highways including carriageways, bridleways and footpaths. Highways Act 1980 deals with the maintenance and creation of highways.
590 _aKA
650 2 4 _aHIGHWAYS ACT 1980
651 4 _aUNITED KINGDOM
690 _aBoundary disputes
_96221
942 _n0
999 _c83310
_d83310